000 00716nam a2200193 4500
001 139582
003 ES-MaACL
005 20230906195839.0
007 t|
008 070214s1917 fr r ||||1| fre d
100 1 _aSchelle, Gustave.
_9104287
245 1 2 _aL'Economie politique et les économistes
_b: avec une introduction sur l'économique et la guerre /
_cpar Gustave Schelle.
260 _aParis :
_bO. Doin et Fils,
_c1917.
300 _aXVIII, 396 p. ;
_c18 x 12 cm.
490 1 _aEncyclopédie scientifique. Bibliothèque d'économie politique ;
_v2
830 0 _aEncyclopédie scientifique. Bibliothèque d'économie politique ;
_v2
_9187131
852 _aES-MaACL
_jD-4446
999 _c139582
_d139582